LEADER 03486nam 22005533u 450 001 9910145559003321 005 20231030194911.0 010 $a1-78268-973-7 010 $a9786610237685 010 $a0-470-99624-2 010 $a0-470-99830-X 035 $a(CKB)1000000000410167 035 $a(EBL)350897 035 $a(OCoLC)437213928 035 $a(MiAaPQ)EBC350897 035 $a(EXLCZ)991000000000410167 100 $a20131014d2008|||| u|| | 101 0 $aeng 135 $aur|n|---||||| 181 $ctxt$2rdacontent 182 $cc$2rdamedia 183 $acr$2rdacarrier 200 12$aA Companion to Theoretical Econometrics$b[electronic resource] 210 1$aHoboken :$cWiley,$d2008. 215 $a1 online resource (730 pages) 225 1 $aBlackwell companions to contemporary economics. 300 $aDescription based upon print version of record. 311 $a0-631-21254-X 327 $aA Companion to Theoretical Econometrics; Contents; List of Figures; List of Tables; List of Contributors; Preface; List of Abbreviations; Introduction; 1 Artificial Regressions; 2 General Hypothesis Testing; 3 Serial Correlation; 4 Heteroskedasticity; 5 Seemingly Unrelated Regression; 6 Simultaneous Equation Model Estimators: Statistical Properties and Practical Implications; 7 Identification in Parametric Models; 8 Measurement Error and Latent Variables; 9 Diagnostic Testing; 10 Basic Elements of Asymptotic Theory; 11 Generalized Method of Moments; 12 Collinearity 327 $a13 Nonnested Hypothesis Testing: An Overview14 Spatial Econometrics; 15 Essentials of Count Data Regression; 16 Panel Data Models; 17 Qualitative Response Models; 18 Self-Selection; 19 Random Coefficient Models; 20 Nonparametric Kernel Methods of Estimation and Hypothesis Testing; 21 Durations; 22 Simulation Based Inference for Dynamic Multinomial Choice Models; 23 Monte Carlo Test Methods in Econometrics; 24 Bayesian Analysis of Stochastic Frontier Models; 25 Parametric and Nonparametric Tests of Limited Domain and Ordered Hypotheses in Economics; 26 Spurious Regressions in Econometrics 327 $a27 Forecasting Economic Time Series28 Time Series and Dynamic Models; 29 Unit Roots; 30 Cointegration; 31 Seasonal Nonstationarity and Near-Nonstationarity*; 32 Vector Autoregressions; Index 330 $aA Companion to Theoretical Econometrics provides a comprehensive reference to the basics of econometrics. This companion focuses on the foundations of the field and at the same time integrates popular topics often encountered by practitioners. The chapters are written by international experts and provide up-to-date research in areas not usually covered by standard econometric texts. Focuses on the foundations of econometrics. Integrates real-world topics encountered by professionals and practitioners. Draws on up-to-date research in areas not covered by s 410 0$aBlackwell companions to contemporary economics. 606 $aEconometrics 606 $aEconometria$2thub 608 $aLlibres electrònics$2thub 615 4$aEconometrics. 615 7$aEconometria 676 $a330.015195 676 $a330/.01/5195 700 $aBaltagi$b Badi H$g(Badi Hani)$0140847 701 $aBaltagi$b Badi H$g(Badi Hani)$0140847 801 0$bAU-PeEL 801 1$bAU-PeEL 801 2$bAU-PeEL 906 $aBOOK 912 $a9910145559003321 996 $aA Companion to Theoretical Econometrics$92854208 997 $aUNINA LEADER 07833nam 22008295 450 001 9911022280103321 005 20250912205212.0 010 $a3-11-079953-7 010 $a3-11-079951-0 024 7 $a10.1515/9783110799514 035 $a(CKB)26384959000041 035 $a(DE-B1597)627081 035 $a(DE-B1597)9783110799514 035 $a(OCoLC)1374540142 035 $a(MiAaPQ)EBC30455232 035 $a(Au-PeEL)EBL30455232 035 $a(OCoLC)1399979526 035 $a(EXLCZ)9926384959000041 100 $a20230328h20232023 fg 101 0 $aeng 135 $aur||#|||||||| 181 $ctxt$2rdacontent 182 $cc$2rdamedia 183 $acr$2rdacarrier 200 00$aBeyond Universalism / Partager l?universel : Studies on the Contemporary / Études sur le contemporain. Reparation, Restitution, and the Politics of Memory / Réparation, restitution et les politiques de la mémoire $ePerspectives from Literary, Historical, and Cultural Studies / Perspectives littéraires, historiques et culturelles /$fed. by Mario Laarmann, Clément Ndé Fongang, Carla Seemann, Laura Vordermayer 205 $a1st ed. 210 1$aBerlin ;$aBoston :$cDe Gruyter,$d[2023] 210 4$d©2023 215 $a1 online resource (IX, 300 p.) 225 0 $aBeyond Universalism / Partager l?universel : Studies on the Contemporary / Études sur le contemporain ,$x2700-1156 ;$v3 311 08$a3-11-079950-2 327 $tFrontmatter --$tAcknowledgements / Remerciements --$tContents / Table des matières --$tReparation, Restitution, and the Politics of Memory. A Methodological and Historical Introduction --$tPart I: Restitution and Reparation / Première partie : La restitution et la réparation --$tL?icône --$tQu?est-ce qu?une pratique culturelle de réparation ? La stèle d?Axoum et « L?icona » d?Igiaba Scego --$tPart II: Museums, Art, and Entangled Histories / Deuxième partie : Le musée, les arts, et les histoires entrelacées --$tFig. 1. --$tLes Entrelacs de l?Obje / The Object?s Interlacing --$t(Ir)reparability Begins in the Body: Towards a Museum of Disrepair --$tRepairing Cultural and Museum Cooperation between Cameroon and Europe --$tLes statues considérées comme des protagonistes des histoires européennes d?interdépendance et de désunion --$tPart III: Commemorative Politics and the Public Sphere / Troisième partie : Les politiques de la mémoire et le domaine public --$tTo Represent the Non-Representable. A Mnemonic Restitution of the Body in Claudia Fontes? La Reconstrucción del Retrato de Pablo Míguez --$tRepairing the ?Suffering of the Others?? The OvaHerero and Nama Genocide between Recognition and Misrecognition --$tPart IV: Reparation through Literature / Quatrième partie : La réparation par la littérature --$tand I mean / and I am saying --$tHalf-Hymns, Prayers, and Fortifications --$tQui répare qui ? Comment et pourquoi ? Une éthique et esthétique de la relation --$tLa réparation au prisme des débats sur l?universel --$tForms and Obstacles of Reparation in Bernhard Jaumann?s Der lange Schatten --$tPart V: Reparation and Ecology / Cinquième partie : La réparation et l?écologie --$tTrouble against Trouble --$tConte de fées et réparation écologique : La lucina d?Antonio Moresco --$tDe l?imagination environnementale à la restauration des liens écouméniques --$tContributors / Contributeurs --$tIndex 330 $aOver the past roughly two decades, the interconnected concepts of reparation, restitution, and commemorative culture have gained renewed momentum ? in academic discourse as much as in activist, artistic, and political contexts. This development insists on a critique of the material and systemic conditions of societies and global relations. In their 2018 report on the restitution of looted cultural artifacts, for example, Bénédicte Savoy and Felwine Sarr discuss restitutions in the light of a new ethics of relations. Individual acts of restitution, but also the processes of material and immaterial reparation that go with them, are viewed as mediators in the by definition irreparable legacy of colonialism and its present repercussions. A new ethics of relations might even go beyond anthropocentrism: The destruction of nature in the Anthropocene and the destruction of humanity that is colonialism both require a fundamental questioning of the premises of western modernity and a radically different relationship to the world. The present volume aims to examine different discourses and practices of reparation, bringing together perspectives from cultural studies, memory studies, post- or decolonial studies as well as literary studies. Chapters from these disciplines are complemented by contributions from the fields of philosophy, art, and literature in order to explore the multiple facets of reparation. With contributions by Kader Attia, Lucia della Fontana, Ibou Coulibaly Diop, Alexandre Gefen, Hannah Grimmer, hn. lyonga, Helena Janeczek, Markus Messling, Clément Ndé Fongang, Aurélia Kalisky, Fabiola Obame, Angelica Pesarini, Aurore Reck, Olivier Remaud, Patricia Oster-Stierle, Sahra Rausch, Igiaba Scego, Ibrahima Sene, Christiane Solte-Gresser, Jonas Tinius. 410 0$aBeyond Universalism / Partager L'universel Series 606 $aLITERARY CRITICISM / Modern / 21st Century $2bisacsh 610 $aecocriticism. 610 $amultidirectional memory. 610 $apostcolonialism. 610 $arelational ethics. 615 7$aLITERARY CRITICISM / Modern / 21st Century . 676 $a303.69 702 $aAttia$b Kader$4ctb$4https://id.loc.gov/vocabulary/relators/ctb 702 $aDiop$b Ibou$4ctb$4https://id.loc.gov/vocabulary/relators/ctb 702 $aFontana$b Lucia della$4ctb$4https://id.loc.gov/vocabulary/relators/ctb 702 $aGefen$b Alexandre$4ctb$4https://id.loc.gov/vocabulary/relators/ctb 702 $aGrimmer$b Hannah Katalin$4ctb$4https://id.loc.gov/vocabulary/relators/ctb 702 $aLaarmann$b Mario$4ctb$4https://id.loc.gov/vocabulary/relators/ctb 702 $aLaarmann$b Mario$4edt$4http://id.loc.gov/vocabulary/relators/edt 702 $aMessling$b Markus$4ctb$4https://id.loc.gov/vocabulary/relators/ctb 702 $aNdé Fongang$b Clément$4ctb$4https://id.loc.gov/vocabulary/relators/ctb 702 $aNdé Fongang$b Clément$4edt$4http://id.loc.gov/vocabulary/relators/edt 702 $aObame$b Fabiola$4ctb$4https://id.loc.gov/vocabulary/relators/ctb 702 $aOster$b Patricia$4ctb$4https://id.loc.gov/vocabulary/relators/ctb 702 $aPesarini$b Angelica$4ctb$4https://id.loc.gov/vocabulary/relators/ctb 702 $aRausch$b Sahra$4ctb$4https://id.loc.gov/vocabulary/relators/ctb 702 $aRemaud$b Olivier$4ctb$4https://id.loc.gov/vocabulary/relators/ctb 702 $aScego$b Igiaba$4ctb$4https://id.loc.gov/vocabulary/relators/ctb 702 $aSeemann$b Carla$4ctb$4https://id.loc.gov/vocabulary/relators/ctb 702 $aSeemann$b Carla$4edt$4http://id.loc.gov/vocabulary/relators/edt 702 $aSe?ne$b Ibrahima$4ctb$4https://id.loc.gov/vocabulary/relators/ctb 702 $aSolte-Gresser$b Christiane$4ctb$4https://id.loc.gov/vocabulary/relators/ctb 702 $aTinius$b Jonas$4ctb$4https://id.loc.gov/vocabulary/relators/ctb 702 $aVordermayer$b Laura$4ctb$4https://id.loc.gov/vocabulary/relators/ctb 702 $aVordermayer$b Laura$4edt$4http://id.loc.gov/vocabulary/relators/edt 702 $alyonga$b hn.$4ctb$4https://id.loc.gov/vocabulary/relators/ctb 712 02$aEuropean Research Council,$4fnd$4http://id.loc.gov/vocabulary/relators/fnd 801 0$bDE-B1597 801 1$bDE-B1597 906 $aBOOK 912 $a9911022280103321 996 $aBeyond Universalism$93088775 997 $aUNINA LEADER 05143nam 2200625Ia 450 001 9910969736703321 005 20200520144314.0 010 $a1-61487-884-6 035 $a(CKB)2670000000275900 035 $a(EBL)3327321 035 $a(OCoLC)816041360 035 $a(MdBmJHUP)muse34957 035 $a(Au-PeEL)EBL3327321 035 $a(CaPaEBR)ebr10614692 035 $a(CaONFJC)MIL587585 035 $a(MiAaPQ)EBC3327321 035 $a(BIP)42484646 035 $a(BIP)12404388 035 $a(EXLCZ)992670000000275900 100 $a20121109d2011 uy 0 101 0 $aeng 135 $aur|n|---||||| 181 $ctxt$2rdacontent 182 $cc$2rdamedia 183 $acr$2rdacarrier 200 10$aInstitutes of divine jurisprudence $ewith selections from Foundations of the law of nature and nations /$fChristian Thomasius ; edited, translated, and with an Introduction by Thomas Ahnert 205 $a1st ed. 210 $aIndianapolis, Ind. $cLiberty Fund, Inc.$dc2011 215 $a1 online resource (697 p.) 225 0$aNatural law and enlightenment classics 300 $aDescription based upon print version of record. 311 08$a0-86597-518-3 311 08$a0-86597-519-1 320 $aIncludes bibliographical references (p. 623-634) and index. 327 $aBook I. On jurisprudence in general -- On divine jurisprudence -- On the interpretation of divine laws in general and on practical principles -- On the interpretation of divine laws in particular, that is, on the first principles of natural law and positive universal law -- On the duties of man toward god -- Book II. On the duty of man toward himself -- On the duty of man toward others, in particular on preserving equality among humans -- On avoiding pride -- On not harming others and on compensating for harm that has been done -- On the various duties of humanity -- On the duty of persons forming an agreement -- On the duty of man concerning speech -- On the duty of those taking an oath -- On duty concerning things and their ownership -- On the duty concerning the prices of things -- On the interpretation of divine and human will insofar as it is expressed in words -- Book III. On the duty of man toward fellow humans in general -- On the duty of man with regard to conjugal society -- On the positive laws concerning the duties of marriage -- On the duties of parents and children -- On the duties of lords and servants -- On the duties of those living in a commonwealth -- On the duties of citizens in states concerning punishments -- On the duties of confederates -- On duties toward legates -- On duties toward the dead -- On the application of divine laws -- Selections from foundations of the law of nature and nations. The reason for this work -- On the moral nature of man -- On the law of nature and nations. 330 $aChristian Thomasius's natural jurisprudence is essential to understanding the origins of the Enlightenment in Germany, where his importance was comparable to that of John Locke's in England.First published in 1688, Thomasius's "Institutionum jurisprudentiae divinae" ("Institutes of Divine Jurisprudence") attempted to draw a clear distinction between natural and revealed law and to emphasize that human reason was able to know the precepts of natural law without the aid of Scripture. Thomasius also argued that his orthodox Lutheran opponents had failed to understand this distinction and thereby had confused reason and Scripture.In addition to the "Institutes of Divine Jurisprudence, " this volume contains significant selections from his "Fundamenta juris naturae et gentium" ("Foundations of the Law of Nature and Nations"), published in 1705. In "Foundations" Thomasius significantly revised the theory he had put forward in the "Institutes, " and much of the "Foundations" therefore is a paragraph-by-paragraph commentary on his earlier ideas.These works are a companion to Thomasius's "Essays on Church, State, and Politics, " and together they provide the first-ever English presentation of this preeminent German thinker.Christian Thomasius (1655-1728) was a German philosopher and legal theorist. He was a cofounder of the University of Halle, where he was also a professor.Thomas Ahnert is a Senior Lecturer in History at the University of Edinburgh.Knud Haakonssen is Professor of Intellectual History at the University of Sussex, England. 410 0$aNatural law and enlightenment classics. 606 $aInternational law$xPhilosophy$vEarly works to 1800 606 $aNatural law$vEarly works to 1800 606 $aReligion and law$vEarly works to 1800 615 0$aInternational law$xPhilosophy 615 0$aNatural law 615 0$aReligion and law 676 $a340.112 686 $a6,12$2ssgn 700 $aThomasius$b Christian$f1655-1728.$0495327 701 $aAhnert$b Thomas$01852341 701 $aThomasius$b Christian$f1655-1728.$0495327 801 0$bMiAaPQ 801 1$bMiAaPQ 801 2$bMiAaPQ 906 $aBOOK 912 $a9910969736703321 996 $aInstitutes of divine jurisprudence$94447388 997 $aUNINA